| 000 | 00721nam a22002297a 4500 | ||
|---|---|---|---|
| 999 |
_c1819 _d1819 |
||
| 003 | AR-CdUCM | ||
| 008 | 190228b ||||| |||| 00| 0 spa d | ||
| 040 |
_aMUNICIPALIDAD PROVINCIAL DEL CUSCO _cBIBLIOTECA MUNICIPAL DEL CUSCO |
||
| 082 |
_a868.6 / _bC46 |
||
| 100 |
_aCela, Camilo Jose _9347 |
||
| 245 |
_aCafé de artistas y otros cuentos / _cCela, Camilo Jose |
||
| 260 |
_aBArcelona : _bSalvat Editores, _c1969. |
||
| 300 |
_a189 paginas ; _c19cm. |
||
| 500 | _aCuentos y otros | ||
| 650 |
_aCuentos Españoles _9762 |
||
| 650 |
_aSiglo XX _98 |
||
| 650 |
_aLiteraturta _96677 |
||
| 700 |
_aCela, Camilo Jose _9347 |
||
| 700 |
_aMartinez Barbeito, Carlos _96678 |
||
| 942 |
_2ddc _cLIBROS |
||
| 945 |
_apjha _d2019-02-28 |
||